Manchester City women squad 22/23 - Statistics

General Stats
  • This quiz has been taken 118 times
  • The average score is 12 of 24
Answer Stats
# Nation Positon Answer % Correct
9 England FW Chloe Kelly
89%
1 England GK Ellie Roebuck
85%
11 England FW Lauren Hemp
85%
5 England DF Alex Greenwood
77%
21 Jamaica FW Khadija Shaw
70%
33 Australia DF Alanna Kennedy
67%
8 Australia FW Mary Fowler
63%
35 England GK Khiara Keating
59%
14 England DF Esme Morgan
54%
6 England DF Steph Houghton
54%
Wales Coach Gareth Taylor
47%
7 England MF Laura Coombs
44%
22 England GK Sandy Maciver
44%
25 Japan MF Yui Hasegawa
44%
13 Australia FW Hayley Raso
43%
3 England DF Demi Stokes
42%
15 Spain DF Leila Ouahabi
39%
2 Netherlands DF Kerstin Casparij
35%
4 Spain DF Laia Aleixandri
34%
10 Venezuela FW Deyna Castellanos
29%
30 England DF Ruby Mace
29%
12 Sweden MF Filippa Angeldahl
27%
41 Norway MF Julie Blakstad
24%
17 Spain MF Vicky Losada
16%
No matching quizzes found
Score Distribution
Percent of People with Each Score
Percentile by Number Answered
Your Score History
You have not taken this quiz